| 000 | 01243cam a22001694a 4500 | ||
|---|---|---|---|
| 005 | 20250605163459.0 | ||
| 008 | 250528s ||||||||||||||||||||||||d | ||
| 035 | _a20204 | ||
| 040 |
_aGR-AtMCL _bgre _dGR-AtMCL _eAACR2 |
||
| 245 | 1 | _aΟι Νόμοι της Ελλάδος / Η Οικονομική και Κοινωνική Φυσιογνωμία των 52 Νομών και 13 Περιφερειών | |
| 260 |
_bΕΚΚΕ, _c1999 |
||
| 300 | _a216 | ||
| 520 | _aΣύνθεση εκατό διαχρονικών σειρών βασικών δεδομένων. Σύνολο Χώρας, Σημειώσεις για την Ανάγνωση των Πινάκων, Σύνολο Ελλάδος, Δείκτες Ευημερίας, Πληθυσμιακοί Δείκτες, Περιφέρειες, Ανατολικής Μακεδονίας και Θράκης, Κεντρικής Μακεδονίας, Δυτικής Μακεσδονίας, Ηπείρου, Θεσσαλίας, Ιόνιων Νήσων, Δυτικής Ελλάδος, Στερεάς Ελλάδος, Αττικής, Πελοποννήσου, Βόρειου Αιγαίου, Νότιου Αιγαίου, Κρήτης, Νομοί. | ||
| 942 | _cBK | ||
| 999 |
_c5339 _d5339 |
||